|
|
|
|
| LEADER |
00000cam a2200000 a 4500 |
| 001 |
vtls009514855 |
| 003 |
SK-MaSNL |
| 005 |
20260425235450.0 |
| 008 |
160114s2008 xo o g 000 0 slo |
| 015 |
|
|
|a SNBE2010/03-01687
|
| 020 |
|
|
|a (brož.)
|
| 035 |
|
|
|a E7D42187-0B75-456C-B65C-4396D07826A9
|
| 035 |
|
|
|a urn:nbn:sk:snk-amk25b
|
| 035 |
|
|
|a urn:nbn:sk:snk-am0086my
|
| 040 |
|
|
|a SNK
|b slo
|c SNK
|e AACR2
|
| 041 |
0 |
|
|a slo
|
| 043 |
|
|
|a e-xo---
|
| 044 |
|
|
|a xo
|c SK
|
| 072 |
|
7 |
|a 02
|x Knihovníctvo. Informatika
|2 konspekt
|
| 080 |
|
|
|a 002
|2 2001
|
| 080 |
|
|
|a 061.6
|2 2001
|
| 080 |
|
|
|a (437.6)
|2 2001
|
| 080 |
|
|
|a (082.2)
|2 2001
|
| 245 |
0 |
0 |
|a Centrum vedeko-technických informácií SR 1938-2008
|b 70 rokov vás spájame so svetom informácií
|c ... zostavil odbor vzťahov s verejnosťou CVTI SR
|
| 250 |
|
|
|a 1. vyd.
|
| 260 |
|
|
|a Bratislava
|b Centrum vedecko-technických informácií SR
|c 2008
|
| 300 |
|
|
|a 39 s.
|b fotogr.
|c 21 cm
|
| 610 |
2 |
|
|a Centrum vedecko-technických informácií Slovenskej republiky
|2 SNKKA
|9 177325
|
| 648 |
|
7 |
|a 1938-2008
|2 SNKPH
|9 405492
|
| 650 |
0 |
7 |
|a vedecko-technické informácie
|2 SNKPH
|9 51894
|
| 651 |
|
7 |
|a Bratislava (Slovensko)
|2 SNKPH
|9 14568
|
| 655 |
|
7 |
|a jubilejné publikácie
|2 SNKPH
|9 70339
|
| 710 |
2 |
|
|a Centrum vedecko-technických informácií Slovenskej republiky.
|b Odbor vzťahov s verejnosťou
|4 com
|9 232495
|
| 958 |
|
|
|a OND
|
| 999 |
|
|
|c 830352
|d 832282
|
| 952 |
|
|
|a SNK
|b SNK
|y PREZ
|7 0
|p 17A0622111
|o snkSC 135716
|i snk2009/9047
|8 0
|0 0
|1 0
|4 0
|d 2009-05-20
|l 0
|r 2025-07-02 00:00:00
|w 2026-02-24
|
| 952 |
|
|
|a SNK
|b SNK
|y VYP
|7 0
|p 17A0622110
|o snkSC 135716 D1
|i snk2009/9048
|8 0
|0 0
|1 0
|4 0
|d 2009-05-20
|f 1
|l 0
|r 2026-02-24 03:35:56
|w 2026-02-24
|